[Event "Ste Foy Morphy"]
[Site "Ste Foy CAN"]
[Date "2017.02.25"]
[Round "1"]
[White "Bouffard, Jonathan"]
[Black "Lessard, Claude"]
[Result "0-1"]
[WhiteElo "1734"]
[BlackElo "2155"]
[WhiteFideId "-1"]
[WhiteFideId "-1"]
[PlyCount "50"]
[GameId "2160767908478402"]
[EventDate "2017.02.25"]
[EventType "swiss"]
[EventRounds "5"]
[EventCountry "CAN"]
[SourceTitle "EXT 2022"]
[Source "ChessBase"]
[SourceDate "2021.10.06"]
[SourceVersion "1"]
[SourceVersionDate "2021.10.06"]
[SourceQuality "1"]

1. e4 c6 2. d4 d5 3. Nc3 dxe4 4. Nxe4 Nf6 5. Nxf6+ exf6 6. Nf3 Bd6 7. Bd3 O-O 8. O-O Bg4 9. h3 Bh5 10. Be3 Nd7 11. c3 Qc7 12. Re1 Rfe8 13. Be2 Nb6 14. Nh4 Bxe2 15. Qxe2 Nd5 16. Qg4 g6 17. Bd2 Bf4 18. Bxf4 Nxf4 19. Qd1 Rxe1+ 20. Qxe1 Kf8 21. Qd2 Re8 22. Re1 Rxe1+ 23. Qxe1 Qd7 24. Qe3 g5 25. b3 Nd5 0-1

[Event "Ste Foy Morphy"]
[Site "Ste Foy CAN"]
[Date "2017.02.25"]
[Round "1"]
[White "Labrecque, Rejean"]
[Black "Chouinard, Etienne"]
[Result "0-1"]
[WhiteElo "1648"]
[BlackElo "1868"]
[WhiteFideId "-1"]
[WhiteFideId "-1"]
[PlyCount "84"]
[GameId "2160767908478403"]
[EventDate "2017.02.25"]
[EventType "swiss"]
[EventRounds "5"]
[EventCountry "CAN"]
[SourceTitle "EXT 2022"]
[Source "ChessBase"]
[SourceDate "2021.10.06"]
[SourceVersion "1"]
[SourceVersionDate "2021.10.06"]
[SourceQuality "1"]

1. d4 d5 2. c4 e6 3. Nf3 Nf6 4. Bg5 c6 5. e3 Qa5+ 6. Nc3 Ne4 7. Qc2 Bb4 8. Rc1 Qxa2 9. Bd3 Bxc3+ 10. bxc3 Qxc2 11. Rxc2 Nxg5 12. Nxg5 h6 13. Nf3 dxc4 14. Bxc4 b5 15. Ba2 Bb7 16. O-O Nd7 17. c4 Ke7 18. e4 Rhc8 19. c5 Nf6 20. Re1 Kf8 21. h3 a5 22. g4 b4 23. Rb2 Ba6 24. Ne5 Rc7 25. f4 Nd7 26. Nf3 Rb7 27. Nd2 a4 28. Bc4 b3 29. Bxb3 axb3 30. Rxb3 Rxb3 31. Nxb3 Bb5 32. e5 Ra3 33. Rb1 Bc4 34. Nd2 Bd5 35. Kf2 Rxh3 36. Rb7 Ke7 37. Rc7 Rd3 38. Ke2 Rxd4 39. Ke3 Ra4 40. Rc8 Nxc5 41. Rg8 Ra3+ 42. Ke2 g6 0-1

[Event "Ste Foy Morphy"]
[Site "Ste Foy CAN"]
[Date "2017.02.25"]
[Round "1"]
[White "Laflamme, Simon"]
[Black "Nafii, Adil"]
[Result "1/2-1/2"]
[WhiteElo "1824"]
[BlackElo "1606"]
[WhiteFideId "-1"]
[WhiteFideId "-1"]
[PlyCount "51"]
[GameId "2160767908478404"]
[EventDate "2017.02.25"]
[EventType "swiss"]
[EventRounds "5"]
[EventCountry "CAN"]
[SourceTitle "EXT 2022"]
[Source "ChessBase"]
[SourceDate "2021.10.06"]
[SourceVersion "1"]
[SourceVersionDate "2021.10.06"]
[SourceQuality "1"]

1. e4 c5 2. d4 e6 3. c3 Nc6 4. Nf3 b6 5. Bd3 cxd4 6. cxd4 Bb7 7. Nc3 Nb4 8. Be2 Nf6 9. a3 Nc6 10. O-O d6 11. Bc4 Be7 12. Qe2 O-O 13. Rd1 Nd7 14. Bf4 Na5 15. Ba2 Nb8 16. Rac1 Ba6 17. Qc2 Nd7 18. e5 d5 19. Bb1 g6 20. b4 Nc4 21. Qb3 b5 22. Bh6 Re8 23. Ne2 Ndb6 24. Nf4 Bc8 25. Nh5 a5 26. Ng7 1/2-1/2

[Event "Ste Foy Morphy"]
[Site "Ste Foy CAN"]
[Date "2017.02.25"]
[Round "1"]
[White "Sarra-Bournet, Marc"]
[Black "Desbiens, Raphael"]
[Result "1-0"]
[WhiteElo "1776"]
[BlackElo "1569"]
[WhiteFideId "-1"]
[WhiteFideId "-1"]
[PlyCount "65"]
[GameId "2160767908478405"]
[EventDate "2017.02.25"]
[EventType "swiss"]
[EventRounds "5"]
[EventCountry "CAN"]
[SourceTitle "EXT 2022"]
[Source "ChessBase"]
[SourceDate "2021.10.06"]
[SourceVersion "1"]
[SourceVersionDate "2021.10.06"]
[SourceQuality "1"]

1. e4 e5 2. Nf3 Nc6 3. Bb5 a6 4. Ba4 Nf6 5. O-O Be7 6. Re1 b5 7. Bb3 O-O 8. a4 b4 9. c3 d6 10. h3 Rb8 11. d4 Na5 12. Bc2 exd4 13. cxd4 Be6 14. Nbd2 c5 15. d5 Bc8 16. Nf1 b3 17. Bb1 Nd7 18. Ne3 Bf6 19. Ng4 Re8 20. Nxf6+ Qxf6 21. Qe2 h6 22. Bd3 Nb6 23. Bd2 c4 24. Bxa5 cxd3 25. Qxd3 Bd7 26. Bc3 Qg6 27. a5 Bb5 28. Qd4 Nd7 29. Nh4 Qh7 30. Nf5 Re5 31. Nxd6 Qg6 32. Nf5 f6 33. Qxe5 1-0

[Event "Ste Foy Morphy"]
[Site "Ste Foy CAN"]
[Date "2017.02.25"]
[Round "1"]
[White "Sauve, Richard"]
[Black "Tremblay, Charles"]
[Result "1-0"]
[WhiteElo "1883"]
[BlackElo "1690"]
[WhiteFideId "-1"]
[WhiteFideId "-1"]
[PlyCount "55"]
[GameId "2160767908478406"]
[EventDate "2017.02.25"]
[EventType "swiss"]
[EventRounds "5"]
[EventCountry "CAN"]
[SourceTitle "EXT 2022"]
[Source "ChessBase"]
[SourceDate "2021.10.06"]
[SourceVersion "1"]
[SourceVersionDate "2021.10.06"]
[SourceQuality "1"]

1. d4 d5 2. c4 e6 3. Nc3 Nf6 4. Bg5 Nbd7 5. cxd5 exd5 6. e3 Be7 7. Nf3 O-O 8. Bd3 c6 9. O-O Qc7 10. Qc2 Re8 11. Rfc1 Bd6 12. Nb5 Qb8 13. Nxd6 Qxd6 14. Rab1 Ne4 15. Bf4 Qe7 16. b4 a6 17. a4 Ndf6 18. b5 axb5 19. axb5 Bd7 20. Ne5 Rec8 21. bxc6 Bxc6 22. Qb2 Ra3 23. Bb5 Nh5 24. Bxc6 Nxf4 25. exf4 Rca8 26. Bxd5 Nf6 27. Bxf7+ Kh8 28. h3 1-0

[Event "Ste Foy Morphy"]
[Site "Ste Foy CAN"]
[Date "2017.03.04"]
[Round "2"]
[White "Chouinard, Etienne"]
[Black "Sauve, Richard"]
[Result "1/2-1/2"]
[WhiteElo "1868"]
[BlackElo "1883"]
[WhiteFideId "-1"]
[WhiteFideId "-1"]
[PlyCount "71"]
[GameId "2160767908478407"]
[EventDate "2017.02.25"]
[EventType "swiss"]
[EventRounds "5"]
[EventCountry "CAN"]
[SourceTitle "EXT 2022"]
[Source "ChessBase"]
[SourceDate "2021.10.06"]
[SourceVersion "1"]
[SourceVersionDate "2021.10.06"]
[SourceQuality "1"]

1. g3 f5 2. Bg2 Nf6 3. Nf3 g6 4. d3 Bg7 5. O-O O-O 6. Nbd2 d6 7. c3 Nc6 8. e4 fxe4 9. Nxe4 Nxe4 10. dxe4 e5 11. Qb3+ Kh8 12. Ng5 Qe7 13. Be3 h6 14. Nf3 Rb8 15. Nh4 Kh7 16. f4 exf4 17. Rxf4 Rxf4 18. Bxf4 Ne5 19. Be3 a6 20. Rf1 Be6 21. Qc2 Rf8 22. h3 Rxf1+ 23. Bxf1 Qf7 24. a3 Bf6 25. Bd4 Bxh4 26. Bxe5 dxe5 27. gxh4 Qf4 28. Qf2 Qxe4 29. Bg2 Qb1+ 30. Kh2 c6 31. Qb6 Qf5 32. Qxb7+ Kg8 33. Qxc6 Qf4+ 34. Kg1 Qe3+ 35. Kh1 Qc1+ 36. Kh2 1/2-1/2

[Event "Ste Foy Morphy"]
[Site "Ste Foy CAN"]
[Date "2017.03.04"]
[Round "2"]
[White "Desbiens, Raphael"]
[Black "Bouffard, Jonathan"]
[Result "1-0"]
[WhiteElo "1569"]
[BlackElo "1734"]
[WhiteFideId "-1"]
[WhiteFideId "-1"]
[PlyCount "37"]
[GameId "2160767908478408"]
[EventDate "2017.02.25"]
[EventType "swiss"]
[EventRounds "5"]
[EventCountry "CAN"]
[SourceTitle "EXT 2022"]
[Source "ChessBase"]
[SourceDate "2021.10.06"]
[SourceVersion "1"]
[SourceVersionDate "2021.10.06"]
[SourceQuality "1"]

1. e4 e6 2. d4 d5 3. Nd2 c5 4. Ngf3 Nc6 5. exd5 exd5 6. Bb5 Bd7 7. O-O Bd6 8. dxc5 Bxc5 9. Nb3 Be7 10. Qxd5 Nf6 11. Qc4 O-O 12. Bg5 a6 13. Bxc6 Bxc6 14. Rad1 Qb6 15. Qd4 Qb5 16. c4 Qf5 17. Qe5 Qg4 18. Rd4 Qh5 19. Bxf6 1-0

[Event "Ste Foy Morphy"]
[Site "Ste Foy CAN"]
[Date "2017.03.04"]
[Round "2"]
[White "Gaudreau, Eric"]
[Black "Oliver, Vance"]
[Result "1-0"]
[WhiteElo "1744"]
[BlackElo "1581"]
[WhiteFideId "-1"]
[WhiteFideId "-1"]
[PlyCount "69"]
[GameId "2160767908478409"]
[EventDate "2017.02.25"]
[EventType "swiss"]
[EventRounds "5"]
[EventCountry "CAN"]
[SourceTitle "EXT 2022"]
[Source "ChessBase"]
[SourceDate "2021.10.06"]
[SourceVersion "1"]
[SourceVersionDate "2021.10.06"]
[SourceQuality "1"]

1. d4 d6 2. Bf4 Nf6 3. Nf3 g6 4. e3 Bg7 5. Be2 Nc6 6. O-O O-O 7. h3 Re8 8. c4 Bd7 9. Nc3 e5 10. Bh2 exd4 11. exd4 Ne4 12. Bf4 h6 13. Re1 Ng5 14. Nxg5 hxg5 15. Be3 Bf5 16. Qd2 Qd7 17. Kh2 g4 18. hxg4 Bxg4 19. Nd5 Bxe2 20. Rxe2 Rac8 21. Rae1 Qg4 22. Bg5 Rxe2 23. Rxe2 Qh5+ 24. Kg1 Kf8 25. Bf6 Bxf6 26. Nxf6 Qh4 27. Nd7+ Kg7 28. d5 Rh8 29. Qc3+ Nd4 30. f3 Qh1+ 31. Kf2 Qh4+ 32. Kg1 Qf4 33. Re4 Qh2+ 34. Kf1 Rh3 35. Qxd4+ 1-0

[Event "Ste Foy Morphy"]
[Site "Ste Foy CAN"]
[Date "2017.03.04"]
[Round "2"]
[White "Gingras, Philippe"]
[Black "Dube, Daniel"]
[Result "1-0"]
[WhiteElo "1818"]
[BlackElo "1901"]
[WhiteFideId "-1"]
[WhiteFideId "-1"]
[PlyCount "54"]
[GameId "2160767908478410"]
[EventDate "2017.02.25"]
[EventType "swiss"]
[EventRounds "5"]
[EventCountry "CAN"]
[SourceTitle "EXT 2022"]
[Source "ChessBase"]
[SourceDate "2021.10.06"]
[SourceVersion "1"]
[SourceVersionDate "2021.10.06"]
[SourceQuality "1"]

1. d4 g6 2. c4 Bg7 3. Nc3 d6 4. e4 e5 5. dxe5 Bxe5 6. f4 Bxc3+ 7. bxc3 Nf6 8. Bd3 O-O 9. Nf3 Bg4 10. O-O Re8 11. h3 Bxf3 12. Qxf3 Nfd7 13. Bc2 Na6 14. f5 Ne5 15. Qg3 Nc5 16. fxg6 fxg6 17. Bh6 Nf7 18. Be3 Qe7 19. Rf4 Rf8 20. Raf1 Ne5 21. Rxf8+ Rxf8 22. Rxf8+ Qxf8 23. Bxc5 Nxc4 24. Bb3 b5 25. Bf2 c5 26. Qd3 Qf7 27. Bxc4 Qxc4 1-0

[Event "Ste Foy Morphy"]
[Site "Ste Foy CAN"]
[Date "2017.03.04"]
[Round "2"]
[White "Lessard, Claude"]
[Black "Sarra-Bournet, Marc"]
[Result "1-0"]
[WhiteElo "2155"]
[BlackElo "1776"]
[WhiteFideId "-1"]
[WhiteFideId "-1"]
[PlyCount "77"]
[GameId "2160767908478411"]
[EventDate "2017.02.25"]
[EventType "swiss"]
[EventRounds "5"]
[EventCountry "CAN"]
[SourceTitle "EXT 2022"]
[Source "ChessBase"]
[SourceDate "2021.10.06"]
[SourceVersion "1"]
[SourceVersionDate "2021.10.06"]
[SourceQuality "1"]

1. d4 d5 2. c4 e6 3. Nf3 Nf6 4. e3 Bb4+ 5. Bd2 Bxd2+ 6. Nbxd2 O-O 7. Bd3 Nbd7 8. Rc1 c5 9. cxd5 cxd4 10. Nxd4 Ne5 11. Be2 Qxd5 12. O-O Qxa2 13. f4 Ng6 14. Nc4 Nd5 15. Ra1 Nxe3 16. Qc1 Qxa1 17. Qxa1 Nxf1 18. Qxf1 Rd8 19. Qf2 Bd7 20. Qe3 Ne7 21. Bf3 Nd5 22. Bxd5 exd5 23. Ne5 Be8 24. Qb3 f6 25. Nd3 b6 26. f5 Bf7 27. Nf4 Rd6 28. Qa3 Rd7 29. Nfe6 Re8 30. Qg3 Bxe6 31. fxe6 Rdd8 32. Qc7 Rc8 33. Qf7+ Kh8 34. e7 Rg8 35. Qxd5 Rce8 36. Qf7 h6 37. Nf5 Rc8 38. Nd6 Rc7 39. Qxg8+ 1-0

[Event "Ste Foy Morphy"]
[Site "Ste Foy CAN"]
[Date "2017.03.11"]
[Round "3"]
[White "Desbiens, Raphael"]
[Black "Gaudreau, Eric"]
[Result "1-0"]
[WhiteElo "1569"]
[BlackElo "1744"]
[WhiteFideId "-1"]
[WhiteFideId "-1"]
[PlyCount "69"]
[GameId "2160767908478412"]
[EventDate "2017.02.25"]
[EventType "swiss"]
[EventRounds "5"]
[EventCountry "CAN"]
[SourceTitle "EXT 2022"]
[Source "ChessBase"]
[SourceDate "2021.10.06"]
[SourceVersion "1"]
[SourceVersionDate "2021.10.06"]
[SourceQuality "1"]

1. e4 e5 2. Nf3 Nc6 3. Bb5 a6 4. Ba4 Nf6 5. O-O Be7 6. Re1 b5 7. Bb3 d6 8. c3 O-O 9. d4 Bg4 10. Be3 Na5 11. dxe5 Bxf3 12. Qxf3 dxe5 13. Nd2 c5 14. Bc2 c4 15. Qg3 Nd7 16. Rad1 Qc7 17. Nf3 Bf6 18. Nd4 g6 19. Bh6 Rfd8 20. h4 Nf8 21. h5 Kh8 22. Qf3 Qe7 23. Ne2 Bg5 24. Bxg5 Qxg5 25. Qxf7 Nc6 26. Rd5 Ra7 27. Qf3 Ne6 28. Red1 Rf8 29. Qh3 Nf4 30. Nxf4 Qxf4 31. hxg6 Qxf2+ 32. Kh1 Rg7 33. R5d2 Qf4 34. Rd6 Rf6 35. Rxc6 1-0

[Event "Ste Foy Morphy"]
[Site "Ste Foy CAN"]
[Date "2017.03.11"]
[Round "3"]
[White "Dube, Daniel"]
[Black "Chabot, Michelin"]
[Result "0-1"]
[WhiteElo "1901"]
[BlackElo "1704"]
[WhiteFideId "-1"]
[WhiteFideId "-1"]
[PlyCount "104"]
[GameId "2160767908478413"]
[EventDate "2017.02.25"]
[EventType "swiss"]
[EventRounds "5"]
[EventCountry "CAN"]
[SourceTitle "EXT 2022"]
[Source "ChessBase"]
[SourceDate "2021.10.06"]
[SourceVersion "1"]
[SourceVersionDate "2021.10.06"]
[SourceQuality "1"]

1. d4 d5 2. c4 c6 3. Nc3 Nf6 4. Nf3 Bf5 5. e3 e6 6. Nh4 Bg6 7. Qb3 Qc7 8. cxd5 exd5 9. Nxg6 hxg6 10. Bd2 Nbd7 11. h3 Bd6 12. Rc1 Nb6 13. Nb5 Qe7 14. Nxd6+ Qxd6 15. Bd3 Qd7 16. Qc2 O-O 17. O-O Rfe8 18. Rfe1 Ne4 19. f3 Nxd2 20. Qxd2 Nc8 21. Bb1 Nd6 22. b3 Re7 23. g4 Rae8 24. h4 Qd8 25. Qf2 Qb6 26. Qd2 Re6 27. Qd3 Qd8 28. g5 Nf5 29. Kf2 Nxh4 30. Qf1 Qxg5 31. Rc3 Nxf3 32. Re2 Nxd4 33. exd4 Rf6+ 34. Rf3 Rxf3+ 35. Kxf3 Qh5+ 36. Kf2 Qh4+ 37. Kg1 Qxd4+ 38. Kh1 Rxe2 39. Qxe2 Qh4+ 40. Kg2 Qg5+ 41. Kf2 Kf8 42. a4 Qf6+ 43. Kg2 Qg5+ 44. Kf2 Qc1 45. Bc2 Qf4+ 46. Kg2 Qg5+ 47. Kf2 Qh4+ 48. Kg2 g5 49. Bf5 g6 50. Bg4 f5 51. Bxf5 gxf5 52. Qe6 Qe4+ 0-1

[Event "Ste Foy Morphy"]
[Site "Ste Foy CAN"]
[Date "2017.03.11"]
[Round "3"]
[White "Laflamme, Simon"]
[Black "Chouinard, Etienne"]
[Result "1-0"]
[WhiteElo "1824"]
[BlackElo "1868"]
[WhiteFideId "-1"]
[WhiteFideId "-1"]
[PlyCount "43"]
[GameId "2160767908478414"]
[EventDate "2017.02.25"]
[EventType "swiss"]
[EventRounds "5"]
[EventCountry "CAN"]
[SourceTitle "EXT 2022"]
[Source "ChessBase"]
[SourceDate "2021.10.06"]
[SourceVersion "1"]
[SourceVersionDate "2021.10.06"]
[SourceQuality "1"]

1. d4 d5 2. Nf3 Nf6 3. Bf4 e6 4. e3 Nbd7 5. Bd3 c5 6. c3 Be7 7. Nbd2 Nh5 8. Bg3 Nxg3 9. hxg3 h6 10. Ne5 Nxe5 11. dxe5 Qb6 12. Rb1 Bd7 13. Qe2 Bc6 14. f4 O-O-O 15. e4 dxe4 16. Nxe4 Rd7 17. Bc4 Rhd8 18. O-O Bxe4 19. Qxe4 Rd2 20. f5 Rxb2 21. Rxb2 Qxb2 22. Rb1 1-0

[Event "Ste Foy Morphy"]
[Site "Ste Foy CAN"]
[Date "2017.03.11"]
[Round "3"]
[White "Sarra-Bournet, Marc"]
[Black "Jean, Martin"]
[Result "1-0"]
[WhiteElo "1776"]
[BlackElo "1569"]
[WhiteFideId "-1"]
[WhiteFideId "-1"]
[PlyCount "21"]
[GameId "2160767908478415"]
[EventDate "2017.02.25"]
[EventType "swiss"]
[EventRounds "5"]
[EventCountry "CAN"]
[SourceTitle "EXT 2022"]
[Source "ChessBase"]
[SourceDate "2021.10.06"]
[SourceVersion "1"]
[SourceVersionDate "2021.10.06"]
[SourceQuality "1"]

1. e4 c5 2. Nc3 g6 3. f4 Bg7 4. Nf3 Nc6 5. Bc4 Nh6 6. d3 d6 7. f5 e6 8. Bg5 f6 9. Bxh6 Bxh6 10. fxe6 O-O 11. e7+ 1-0

[Event "Ste Foy Morphy"]
[Site "Ste Foy CAN"]
[Date "2017.03.11"]
[Round "3"]
[White "Sauve, Richard"]
[Black "Gingras, Philippe"]
[Result "0-1"]
[WhiteElo "1883"]
[BlackElo "1818"]
[WhiteFideId "-1"]
[WhiteFideId "-1"]
[PlyCount "62"]
[GameId "2160767908478416"]
[EventDate "2017.02.25"]
[EventType "swiss"]
[EventRounds "5"]
[EventCountry "CAN"]
[SourceTitle "EXT 2022"]
[Source "ChessBase"]
[SourceDate "2021.10.06"]
[SourceVersion "1"]
[SourceVersionDate "2021.10.06"]
[SourceQuality "1"]

1. d4 Nf6 2. c4 c5 3. d5 b5 4. cxb5 a6 5. bxa6 g6 6. Nc3 Bxa6 7. e4 Bxf1 8. Kxf1 d6 9. Nf3 Nbd7 10. g3 Bg7 11. Kg2 O-O 12. h3 Qb6 13. Re1 Ne8 14. Re2 Nc7 15. Bg5 Rfe8 16. Qd2 Ne5 17. Nxe5 Bxe5 18. Bf4 Bxf4 19. Qxf4 e5 20. Qh6 Nb5 21. Nxb5 Qxb5 22. Qd2 Reb8 23. h4 Ra4 24. b3 Ra3 25. h5 Rba8 26. hxg6 fxg6 27. Qc2 Rxb3 28. Qc1 Rxg3+ 29. Kxg3 Qxe2 30. Qb1 Rf8 31. Qe1 Qf3+ 0-1

[Event "Ste Foy Morphy"]
[Site "Ste Foy CAN"]
[Date "2017.03.18"]
[Round "4"]
[White "Gaudreau, Eric"]
[Black "Sauve, Richard"]
[Result "1/2-1/2"]
[WhiteElo "1744"]
[BlackElo "1883"]
[WhiteFideId "-1"]
[WhiteFideId "-1"]
[PlyCount "66"]
[GameId "2160767908478417"]
[EventDate "2017.02.25"]
[EventType "swiss"]
[EventRounds "5"]
[EventCountry "CAN"]
[SourceTitle "EXT 2022"]
[Source "ChessBase"]
[SourceDate "2021.10.06"]
[SourceVersion "1"]
[SourceVersionDate "2021.10.06"]
[SourceQuality "1"]

1. d4 f5 2. Nf3 Nf6 3. Bf4 g6 4. e3 Bg7 5. Bc4 d5 6. Bd3 O-O 7. c3 Nbd7 8. h3 c6 9. Nbd2 Ne4 10. g4 Ndf6 11. gxf5 Bxf5 12. Qe2 Nxd2 13. Nxd2 Bxd3 14. Qxd3 Qd7 15. Be5 Nh5 16. Bxg7 Kxg7 17. f4 Qf5 18. Qxf5 Rxf5 19. O-O-O Rc8 20. b4 b6 21. Rhg1 Nf6 22. Rg5 e6 23. Rdg1 c5 24. bxc5 bxc5 25. dxc5 Rxc5 26. Rxf5 exf5 27. Kc2 Ra5 28. Kb2 Kf7 29. a3 Ke6 30. Ka2 Rc5 31. Kb3 Rb5+ 32. Kc2 Ra5 33. Kb3 Rb5+ 1/2-1/2

[Event "Ste Foy Morphy"]
[Site "Ste Foy CAN"]
[Date "2017.03.18"]
[Round "4"]
[White "Gingras, Philippe"]
[Black "Laflamme, Simon"]
[Result "1/2-1/2"]
[WhiteElo "1818"]
[BlackElo "1824"]
[WhiteFideId "-1"]
[WhiteFideId "-1"]
[PlyCount "52"]
[GameId "2160767908478418"]
[EventDate "2017.02.25"]
[EventType "swiss"]
[EventRounds "5"]
[EventCountry "CAN"]
[SourceTitle "EXT 2022"]
[Source "ChessBase"]
[SourceDate "2021.10.06"]
[SourceVersion "1"]
[SourceVersionDate "2021.10.06"]
[SourceQuality "1"]

1. d4 e6 2. Bf4 Nf6 3. e3 b6 4. Nf3 Bb7 5. Be2 Be7 6. c4 d6 7. Nc3 Nbd7 8. h3 O-O 9. O-O a6 10. Rc1 Re8 11. Qc2 c5 12. Rfd1 Qc7 13. dxc5 Nxc5 14. b4 Nce4 15. Nxe4 Nxe4 16. Qb3 Rac8 17. a3 Qb8 18. Nd2 Nxd2 19. Rxd2 Qa8 20. f3 d5 21. Rdc2 dxc4 22. Bxc4 b5 23. Bxe6 fxe6 24. Qxe6+ Kf8 25. Qf5+ Kg8 26. Qe6+ Kf8 1/2-1/2

[Event "Ste Foy Morphy"]
[Site "Ste Foy CAN"]
[Date "2017.03.18"]
[Round "4"]
[White "Oliver, Vance"]
[Black "Chabot, Michelin"]
[Result "0-1"]
[WhiteElo "1581"]
[BlackElo "1704"]
[WhiteFideId "-1"]
[WhiteFideId "-1"]
[PlyCount "88"]
[GameId "2160767908478419"]
[EventDate "2017.02.25"]
[EventType "swiss"]
[EventRounds "5"]
[EventCountry "CAN"]
[SourceTitle "EXT 2022"]
[Source "ChessBase"]
[SourceDate "2021.10.06"]
[SourceVersion "1"]
[SourceVersionDate "2021.10.06"]
[SourceQuality "1"]

1. Nf3 d5 2. g3 Nf6 3. Bg2 e6 4. d3 Bd6 5. O-O c5 6. Nbd2 Nc6 7. e4 O-O 8. Re1 Qc7 9. c3 b6 10. Qe2 dxe4 11. dxe4 e5 12. Nc4 Ba6 13. b3 Rad8 14. Qc2 Bxc4 15. bxc4 Na5 16. Qe2 h6 17. Nh4 Rfe8 18. Nf5 Bf8 19. Ne3 Nb7 20. Nd5 Nxd5 21. exd5 Nd6 22. Bh3 f5 23. Qd3 g6 24. g4 e4 25. Qg3 Qg7 26. Bf1 g5 27. gxf5 Nxf5 28. Qg4 Nh4 29. Bg2 Nxg2 30. Kxg2 Qxc3 31. Be3 Qxc4 32. Bxg5 hxg5 33. Qxg5+ Bg7 34. Rad1 Qc2 35. Rd2 Qc4 36. Red1 Kh7 37. Qh5+ Kg8 38. Qg5 Qc3 39. h4 Qf6 40. d6 Qxg5+ 41. hxg5 Bd4 42. Rxd4 cxd4 43. Rxd4 Re6 44. d7 Re7 0-1

[Event "Ste Foy Morphy"]
[Site "Ste Foy CAN"]
[Date "2017.03.18"]
[Round "4"]
[White "Pouliot, Lewis"]
[Black "Desbiens, Raphael"]
[Result "0-1"]
[WhiteElo "1427"]
[BlackElo "1569"]
[WhiteFideId "-1"]
[WhiteFideId "-1"]
[PlyCount "36"]
[GameId "2160767908478420"]
[EventDate "2017.02.25"]
[EventType "swiss"]
[EventRounds "5"]
[EventCountry "CAN"]
[SourceTitle "EXT 2022"]
[Source "ChessBase"]
[SourceDate "2021.10.06"]
[SourceVersion "1"]
[SourceVersionDate "2021.10.06"]
[SourceQuality "1"]

1. d4 Nf6 2. Nf3 g6 3. c4 Bg7 4. Nc3 d5 5. Bf4 O-O 6. e3 c5 7. Be2 Nc6 8. O-O cxd4 9. exd4 Bg4 10. Be5 dxc4 11. d5 Nxe5 12. Nxe5 Bxe2 13. Qxe2 Nxd5 14. Nxd5 Qxd5 15. Nxc4 Rac8 16. Rac1 Rfd8 17. Rfd1 Rxc4 18. Rxd5 Rxc1+ 0-1

[Event "Ste Foy Morphy"]
[Site "Ste Foy CAN"]
[Date "2017.03.25"]
[Round "5"]
[White "Chabot, Michelin"]
[Black "Sauve, Richard"]
[Result "0-1"]
[WhiteElo "1704"]
[BlackElo "1883"]
[WhiteFideId "-1"]
[WhiteFideId "-1"]
[PlyCount "104"]
[GameId "2160767908478421"]
[EventDate "2017.02.25"]
[EventType "swiss"]
[EventRounds "5"]
[EventCountry "CAN"]
[SourceTitle "EXT 2022"]
[Source "ChessBase"]
[SourceDate "2021.10.06"]
[SourceVersion "1"]
[SourceVersionDate "2021.10.06"]
[SourceQuality "1"]

1. e4 e6 2. d4 d5 3. exd5 exd5 4. Nc3 Bb4 5. Bd2 Nf6 6. Nge2 O-O 7. h3 Re8 8. Be3 Nc6 9. a3 Ba5 10. b4 Bb6 11. Na4 Bf5 12. Nc5 Bxc5 13. bxc5 Ne4 14. c3 Qf6 15. Rc1 Rad8 16. g4 Bg6 17. Bg2 Qh4 18. O-O h5 19. Nf4 hxg4 20. Nxg6 fxg6 21. Qxg4 Qxg4 22. hxg4 Rd7 23. Rfd1 Na5 24. Bf1 c6 25. Kg2 Rf7 26. Bd3 Rf6 27. Re1 Rfe6 28. Bf4 Nxc5 29. Rxe6 Nxe6 30. Be5 Kf7 31. f4 Rh8 32. f5 gxf5 33. gxf5 Ng5 34. Rh1 Rxh1 35. Kxh1 Nc4 36. Bb8 a6 37. a4 Kf6 38. Bf4 Ne4 39. Kg2 Nxc3 40. Kf3 Nxa4 41. Kg4 b5 42. Bg5+ Kf7 43. Kf4 Nab6 44. Bd8 a5 45. Be2 a4 46. Bh5+ Kf8 47. Bxb6 Nxb6 48. Ke3 Ke7 49. Kd3 b4 50. Kc2 Nc4 51. Be2 Kf6 52. Bd3 Ne3+ 0-1

[Event "Ste Foy Morphy"]
[Site "Ste Foy CAN"]
[Date "2017.03.25"]
[Round "5"]
[White "Chouinard, Etienne"]
[Black "Pouliot, Lewis"]
[Result "1-0"]
[WhiteElo "1868"]
[BlackElo "1427"]
[WhiteFideId "-1"]
[WhiteFideId "-1"]
[PlyCount "61"]
[GameId "2160767908478422"]
[EventDate "2017.02.25"]
[EventType "swiss"]
[EventRounds "5"]
[EventCountry "CAN"]
[SourceTitle "EXT 2022"]
[Source "ChessBase"]
[SourceDate "2021.10.06"]
[SourceVersion "1"]
[SourceVersionDate "2021.10.06"]
[SourceQuality "1"]

1. e4 d6 2. d4 c6 3. Nf3 Bg4 4. h3 Bxf3 5. Qxf3 d5 6. Nc3 e6 7. exd5 cxd5 8. Bb5+ Nc6 9. O-O a6 10. Bxc6+ bxc6 11. Re1 h6 12. Bf4 Bd6 13. Be5 Bxe5 14. Rxe5 Nf6 15. Na4 Nd7 16. Re2 Qa5 17. Qa3 Nb6 18. Nxb6 Qxb6 19. Rae1 O-O-O 20. Re3 Kd7 21. Rb3 Qa7 22. Rf3 Rhf8 23. c3 Rde8 24. h4 h5 25. Re5 g6 26. Rf6 Qa8 27. Qc5 Qc8 28. c4 dxc4 29. d5 cxd5 30. Rxd5+ exd5 31. Qd6# 1-0

[Event "Ste Foy Morphy"]
[Site "Ste Foy CAN"]
[Date "2017.03.25"]
[Round "5"]
[White "Laflamme, Simon"]
[Black "Desbiens, Raphael"]
[Result "1-0"]
[WhiteElo "1824"]
[BlackElo "1569"]
[WhiteFideId "-1"]
[WhiteFideId "-1"]
[PlyCount "43"]
[GameId "2160767908478423"]
[EventDate "2017.02.25"]
[EventType "swiss"]
[EventRounds "5"]
[EventCountry "CAN"]
[SourceTitle "EXT 2022"]
[Source "ChessBase"]
[SourceDate "2021.10.06"]
[SourceVersion "1"]
[SourceVersionDate "2021.10.06"]
[SourceQuality "1"]

1. d4 Nf6 2. Nf3 g6 3. Bg5 Ne4 4. Bf4 Bg7 5. Nbd2 d5 6. e3 Nxd2 7. Qxd2 O-O 8. O-O-O Nd7 9. Be2 Nf6 10. Ne5 c5 11. h4 h6 12. f3 c4 13. g4 Nd7 14. e4 Nf6 15. g5 hxg5 16. hxg5 Nh5 17. Rxh5 gxh5 18. Rh1 Bxe5 19. Bxe5 f6 20. gxf6 exf6 21. Qh6 fxe5 22. Qg6+ 1-0